| 000 | 01426cam a2200361 a 4500 | ||
|---|---|---|---|
| 001 | 12521998 | ||
| 005 | 20250505152532.0 | ||
| 008 | 010831s1992 enka b 001 0 eng | ||
| 010 | _a 91026181 | ||
| 020 | _a0745304591 (pbk) | ||
| 020 | _a0745304583 | ||
| 040 |
_aDLC _cDLC _dDLC |
||
| 041 | 1 |
_aeng _hger |
|
| 050 | 0 | 0 |
_aHB501 _b.G713 1992 |
| 082 |
_a330.122 _bGRO |
||
| 100 | 1 |
_aGrossmann, Henryk, _d1881-1950. _9128852 |
|
| 240 | 1 | 0 |
_aAkkumulations- und Zusammenbruchsgesetz des kapitalistischen Systems. _lEnglish |
| 245 | 1 | 4 |
_aThe law of accumulation and breakdown of the capitalist system : _bbeing also a theory of crises / _cHenryk Grossman ; translated and abridged by Jairus Banaji ; foreword and introduction by Tony Kennedy. |
| 260 |
_aLondon : _bPluto Press, _c1992. |
||
| 300 |
_axiii, 210 p. : _bill. ; _c22 cm. |
||
| 504 | _aIncludes bibliographical references (p. 202-205) and index. | ||
| 650 | 0 |
_aCapitalism. _93608 |
|
| 650 | 0 |
_aCapital. _9105073 |
|
| 650 | 0 |
_aSaving and investment. _9128853 |
|
| 650 | 0 |
_aBusiness cycles. _93610 |
|
| 650 | 0 |
_aMarxian economics. _9128854 |
|
| 653 | 0 | _aCapitalism | |
| 700 | 1 |
_aBanaji, Jairus, _d1947- _9128855 |
|
| 856 | 4 | 2 |
_3Contributor biographical information _uhttp://www.loc.gov/catdir/enhancements/fy1505/91026181-b.html |
| 906 |
_a7 _bcbc _corignew _d1 _eocip _f19 _gy-gencatlg |
||
| 942 |
_2ddc _cBK |
||
| 999 |
_c613672 _d613672 |
||